Persuratkhabaran Melayu 1876-1968 (Record no. 374)
[ view plain ]
| 000 -LEADER | |
|---|---|
| fixed length control field | nam a22 a 4500 |
| 005 - DATE AND TIME OF LATEST TRANSACTION | |
| control field | 20170503152812.0 |
| 008 - FIXED-LENGTH DATA ELEMENTS--GENERAL INFORMATION | |
| fixed length control field | 170503b1980 MY ||||| |||| 00| 0 may d |
| 040 ## - CATALOGING SOURCE | |
| Original cataloging agency | AKMAL |
| 082 ## - DEWEY DECIMAL CLASSIFICATION NUMBER | |
| Classification number | 070 ISK |
| 090 ## - LOCALLY ASSIGNED LC-TYPE CALL NUMBER (OCLC); LOCAL CALL NUMBER (RLIN) | |
| Classification number (OCLC) (R) ; Classification number, CALL (RLIN) (NR) | 070 |
| Local cutter number (OCLC) ; Book number/undivided call number, CALL (RLIN) | ISK |
| 100 ## - MAIN ENTRY--PERSONAL NAME | |
| Personal name | Abdussalam Muhammad Iskandar Haji Ahmad |
| 9 (RLIN) | 846 |
| 245 ## - TITLE STATEMENT | |
| Title | Persuratkhabaran Melayu 1876-1968 |
| Statement of responsibility, etc. | [oleh] A.M. Iskandar Haji Ahmad. |
| 260 ## - PUBLICATION, DISTRIBUTION, ETC. | |
| Place of publication, distribution, etc. | Kuala Lumpur |
| Name of publisher, distributor, etc. | Dewan Bahasa dan Pustaka |
| Date of publication, distribution, etc. | 1973 |
| 300 ## - PHYSICAL DESCRIPTION | |
| Extent | xiii, 190ms. |
| Dimensions | 22cm |
| 599 ## - LOCAL NOTE | |
| Local Note | DALAM PROSES |
| 942 ## - ADDED ENTRY ELEMENTS (KOHA) | |
| Source of classification or shelving scheme | |
| Koha item type | Book |
| Withdrawn status | Lost status | Source of classification or shelving scheme | Damaged status | Not for loan | Collection code | Home library | Current library | Shelving location | Date acquired | Inventory number | Total Checkouts | Full call number | Barcode | Date last seen | Price effective from | Koha item type |
|---|---|---|---|---|---|---|---|---|---|---|---|---|---|---|---|---|
| NON-FICTION | AKMAL Melaka | AKMAL Melaka | PINJAMAN | 03.05.2017 | 000506 | 070 ISK | 201701255 | 03.05.2017 | 03.05.2017 | Book |
